000 01238nam a22003017a 4500
001 7582
003 FISKH
005 20250724145533.0
008 250724b cb ||||| |||| 00| 0 eng d
020 _a9782894501115
040 _aFISKH
_beng
_cFISKH
_dFISKH
050 _aPZ10.S197 C34413
082 _a636.8
100 _aSanschagrin, Joceline
245 _aCailou and Gilbert /
_cAdapted from the animated series: Joceline Sanschagrin ; Illustrations : Cinar Animation
250 _aThis edition first published in 1997
260 _aCanada :
_bChouette,
_c1997
300 _a22 unnumbered pages :
_bcolor illustrations ;
_c21 cm
505 _aG
520 _aCaillou has nobody to play with, so he recruits Gilbert his cat. He tries to get Gilbert to play his favourite games, but Gilbert isn't interested in the slightest. When Mom points out that Caillou's been trying to get the cat to play people games, he realizes that Gilbert probably wants to play kitty cat games. That works much better!
521 8 _a300 estimate
_bLexile
521 8 _aG
_bRaz-Plus
650 _2Children
_aChildren's books
650 _2Pets
_aPlay
700 _aAnimation, Cinar
_dillustrator
942 _2ddc
_cBK
_n0
999 _c7582
_d7582